[Event "Uppsala 08"]
[Site "Uppsala"]
[Date "2022.08.11"]
[Round "5"]
[White "Trost, Edvin"]
[Black "Sriram, Jha"]
[Result "1/2-1/2"]
[WhiteElo "2370"]
[BlackElo "2342"]
[PlyCount "81"]
[EventDate "2022.08.08"]
[EventType "tourn"]
[EventRounds "9"]
[EventCountry "SWE"]
[EventCategory "6"]
[SourceTitle "CBM 209 Extra"]
[Source "ChessBase"]
[SourceDate "2022.09.30"]
[SourceVersion "1"]
[SourceVersionDate "2022.09.30"]
[SourceQuality "1"]

1. d4 d5 2. c4 c6 3. Nf3 Nf6 4. Qb3 g6 5. Nc3 Bg7 6. Bf4 0-0 7. e3 e6 8. Be2 Nbd7 9. 0-0 Re8 10. h3 Nb6 11. Rac1 Nxc4 12. Bxc4 dxc4 13. Qxc4 Nd5 14. Be5 Nxc3 15. Qxc3 f6 16. Bg3 Qd5 17. Nd2 e5 18. dxe5 fxe5 19. Nc4 Be6 20. Qb4 Qb5 21. Qxb5 cxb5 22. Nd6 Re7 23. Rc5 b6 24. Rc2 Bxa2 25. Ra1 b4 26. Rc8+ Rxc8 27. Nxc8 Rc7 28. Rxa2 Rxc8 29. Rxa7 e4 30. Ra4 Rc4 31. b3 Rc1+ 32. Kh2 Bc3 33. Bd6 b5 34. Ra5 Rd1 35. Bg3 Rb1 36. Rxb5 Rxb3 37. Be5 Be1 38. Bg3 Rb2 39. f3 Bxg3+ 40. Kxg3 exf3 41. gxf3 1/2-1/2

[Event "Braunschweig"]
[Site "Braunschweig"]
[Date "2022.08.06"]
[Round "8"]
[White "Knuedel, Torben"]
[Black "Sriram, Jha"]
[Result "1/2-1/2"]
[WhiteElo "2210"]
[BlackElo "2361"]
[PlyCount "137"]
[EventDate "2022.07.30"]
[EventType "tourn"]
[EventRounds "9"]
[EventCountry "GER"]
[EventCategory "3"]
[SourceTitle "CBM 209 Extra"]
[Source "ChessBase"]
[SourceDate "2022.09.30"]
[SourceVersion "1"]
[SourceVersionDate "2022.09.30"]
[SourceQuality "1"]

1. e4 e5 2. Nf3 Nc6 3. Bb5 a6 4. Ba4 Nf6 5. 0-0 Be7 6. Re1 b5 7. Bb3 d6 8. c3 0-0 9. h3 Nb8 10. a4 Bb7 11. axb5 axb5 12. Rxa8 Bxa8 13. d3 Nbd7 14. Na3 Qb8 15. Nc2 Nc5 16. Ne3 Nxb3 17. Qxb3 g6 18. Ng4 Nxg4 19. hxg4 c5 20. Bh6 Rc8 21. Ra1 Bc6 22. Ng5 Be8 23. Qd5 Qc7 24. Ra8 Rxa8 25. Qxa8 Qd8 26. Qxd8 Bxd8 27. Nh3 Bd7 28. f3 f5 29. gxf5 gxf5 30. Kf1 Kf7 31. Bd2 c4 32. dxc4 bxc4 33. exf5 Bxf5 34. Ng5+ Kg6 35. f4 exf4 36. Nf3 Bd3+ 37. Kf2 Kf5 38. Nd4+ Ke4 39. Bxf4 d5 40. Bd6 Bg5 41. Ne6 Be3+ 42. Kg3 Bd2 43. Nc5+ Ke3 44. Bf4+ Ke2 45. Bxd2 Kxd2 46. Kf4 Bf1 47. g4 Kc2 48. Ke5 Kxb2 49. Kd4 h6 50. Na4+ Kb3 51. Nb6 Be2 52. Nxd5 Bxg4 53. Ne3 Be2 54. Nf5 h5 55. Ng3 Bf3 56. Ke3 Bg4 57. Kd2 h4 58. Nf1 h3 59. Nh2 Bh5 60. Nf1 Kb2 61. Nh2 Be2 62. Kxe2 Kxc3 63. Nf3 Kb2 64. Kf2 c3 65. Nd4 Kc1 66. Ne2+ Kd2 67. Nxc3 Kxc3 68. Kg3 h2 69. Kxh2 1/2-1/2

[Event "Braunschweig"]
[Site "Braunschweig"]
[Date "2022.08.05"]
[Round "7"]
[White "Sriram, Jha"]
[Black "Pubantz, Jan"]
[Result "1-0"]
[WhiteElo "2361"]
[BlackElo "2269"]
[PlyCount "143"]
[EventDate "2022.07.30"]
[EventType "tourn"]
[EventRounds "9"]
[EventCountry "GER"]
[EventCategory "3"]
[SourceTitle "CBM 209 Extra"]
[Source "ChessBase"]
[SourceDate "2022.09.30"]
[SourceVersion "1"]
[SourceVersionDate "2022.09.30"]
[SourceQuality "1"]

1. Nf3 d5 2. g3 c6 3. Bg2 Bg4 4. 0-0 Nf6 5. d4 e6 6. h3 Bh5 7. c4 Nbd7 8. cxd5 exd5 9. Qb3 Qb6 10. Qe3+ Be7 11. Nh4 Bg6 12. Nxg6 hxg6 13. Nc3 Nf8 14. Na4 Qc7 15. Bd2 Ne6 16. Rfc1 Kf8 17. b4 Qd7 18. Nc5 Nxc5 19. bxc5 Ne4 20. Bxe4 dxe4 21. Qxe4 Rd8 22. e3 Qxh3 23. Rab1 Rd7 24. Rb3 Rh5 25. Be1 Bd8 26. Rcb1 Re7 27. Qg2 Qxg2+ 28. Kxg2 b6 29. cxb6 axb6 30. Rc1 Ra7 31. a3 c5 32. dxc5 bxc5 33. e4 Re5 34. Rc4 Ba5 35. f4 Re8 36. Bf2 Rd7 37. Rxc5 Ra8 38. Rd5 Ke8 39. Re5+ Re7 40. Rxe7+ Kxe7 41. Rb7+ Ke6 42. Bc5 Bd8 43. Kf3 Rc8 44. Bb4 Rc1 45. g4 Bc7 46. Ra7 Rc6 47. Ra8 Bd6 48. f5+ gxf5 49. gxf5+ Kf6 50. Bxd6 Rxd6 51. Kf4 g5+ 52. fxg6 Kxg6 53. Rg8+ Kh7 54. Rg3 Ra6 55. Ke5 Re6+ 56. Kd5 Ra6 57. Kc5 Ra4 58. Re3 Kg6 59. Kb5 Rd4 60. a4 Rd1 61. a5 Kf6 62. Ra3 Ke5 63. Ra4 Kd6 64. a6 Rb1+ 65. Kc4 Rc1+ 66. Kb5 Rc5+ 67. Kb6 Rc6+ 68. Kb7 Rc7+ 69. Kb8 Re7 70. a7 Re8+ 71. Kb7 Kc5 72. a8Q 1-0

[Event "Braunschweig"]
[Site "Braunschweig"]
[Date "2022.07.30"]
[Round "1"]
[White "Von Mettenheim, Johannes"]
[Black "Sriram, Jha"]
[Result "1/2-1/2"]
[WhiteElo "2253"]
[BlackElo "2361"]
[PlyCount "80"]
[EventDate "2022.07.30"]
[EventType "tourn"]
[EventRounds "9"]
[EventCountry "GER"]
[EventCategory "3"]
[SourceTitle "CBM 209 Extra"]
[Source "ChessBase"]
[SourceDate "2022.09.30"]
[SourceVersion "1"]
[SourceVersionDate "2022.09.30"]
[SourceQuality "1"]

1. d4 d5 2. c4 c6 3. Nc3 Nf6 4. Nf3 a6 5. e3 b5 6. b3 Bg4 7. Bb2 e6 8. Bd3 Nbd7 9. cxd5 cxd5 10. 0-0 Be7 11. Qe2 0-0 12. a4 b4 13. Nb1 Ne4 14. Bxa6 Bd6 15. Bd3 f5 16. h3 Bh5 17. Rc1 Rf6 18. Nbd2 Nxd2 19. Qxd2 Bxf3 20. gxf3 Rg6+ 21. Kf1 Qh4 22. Rc6 Qxh3+ 23. Ke2 Qh2 24. Rf1 Nf6 25. Qc1 Rg2 26. Rc8+ Rxc8 27. Qxc8+ Kf7 28. Ke1 Bg3 29. Qc2 f4 30. Qc7+ Kf8 31. Qc5+ Kf7 32. Qc7+ Kg8 33. Qc8+ Kf7 34. Qc7+ Kg8 35. Qc8+ Kf7 36. Qc7+ Kf8 37. Qc2 Kf7 38. Bc1 fxe3 39. Bxe3 Bf4 40. Bxf4 Qxf4 1/2-1/2

[Event "Warsaw Chess op-A"]
[Site "Warsaw"]
[Date "2022.07.23"]
[Round "6"]
[White "Dubnevych, Maksym"]
[Black "Sriram, Jha"]
[Result "1/2-1/2"]
[WhiteElo "2131"]
[BlackElo "2361"]
[PlyCount "34"]
[EventDate "2022.07.18"]
[EventType "swiss"]
[EventRounds "9"]
[EventCountry "POL"]
[SourceTitle "CBM 209 Extra"]
[Source "ChessBase"]
[SourceDate "2022.09.30"]
[SourceVersion "1"]
[SourceVersionDate "2022.09.30"]
[SourceQuality "1"]

1. d4 d5 2. c4 c6 3. Nf3 Nf6 4. Nc3 dxc4 5. a4 Bf5 6. e3 e6 7. Bxc4 Bb4 8. 0-0 0-0 9. Qe2 Bg6 10. Rd1 Nbd7 11. h3 Qc7 12. Bd3 Bxd3 13. Qxd3 Rad8 14. Ne4 c5 15. Bd2 Bxd2 16. Rxd2 cxd4 17. Nxd4 Nxe4 1/2-1/2

[Event "Warsaw Chess op-A"]
[Site "Warsaw"]
[Date "2022.07.22"]
[Round "5"]
[White "Sriram, Jha"]
[Black "Janeczko, Jakub"]
[Result "0-1"]
[WhiteElo "2361"]
[BlackElo "2080"]
[PlyCount "124"]
[EventDate "2022.07.18"]
[EventType "swiss"]
[EventRounds "9"]
[EventCountry "POL"]
[SourceTitle "CBM 209 Extra"]
[Source "ChessBase"]
[SourceDate "2022.09.30"]
[SourceVersion "1"]
[SourceVersionDate "2022.09.30"]
[SourceQuality "1"]

1. d4 Nf6 2. Nf3 g6 3. g3 Bg7 4. Bg2 0-0 5. 0-0 d5 6. c4 c6 7. Qb3 a5 8. cxd5 a4 9. Qd1 Nxd5 10. e4 Nb6 11. h3 c5 12. d5 a3 13. Qe2 e6 14. Nxa3 Rxa3 15. bxa3 Bxa1 16. Bf4 Bg7 17. Bxb8 exd5 18. Ba7 Nd7 19. Qb5 dxe4 20. Nd2 e3 21. fxe3 Qc7 22. Rb1 Qxg3 23. Nf1 Qg5 24. h4 Qf5 25. Rd1 Qg4 26. Rb1 Re8 27. Rc1 Bd4 28. Bxc5 Be5 29. Rc4 Qe2 30. Bd4 Bxd4 31. exd4 Nf6 32. a4 Bd7 33. Qb4 Bc6 34. Bxc6 bxc6 35. Qb3 Re4 36. Ng3 Rg4 37. Rc3 Qe1+ 38. Kg2 Qd2+ 39. Kg1 Qxd4+ 40. Kg2 Qd2+ 41. Kf1 Nd5 42. Rf3 Rb4 43. Qd3 Qc1+ 44. Kf2 Rb2+ 45. Ne2 Qc5+ 46. Kf1 Rxa2 47. Qb3 Ra1+ 48. Kg2 Re1 49. Qb8+ Kg7 50. Qb2+ f6 51. Qd2 Qb4 52. Qxb4 Nxb4 53. Nc3 Ra1 54. Ne4 Nd5 55. Nc5 h5 56. Rb3 g5 57. Rb8 g4 58. Rc8 Ra2+ 59. Kg1 Nf4 60. Rxc6 Nh3+ 61. Kf1 g3 62. Ne6+ Kh6 0-1